Iko Tera Naam Datya (ਇਕੋ ਤੇਰਾ ਨਾਮ ਦਾਤਿਆ) (Record no. 9890)
[ view plain ]
| 000 -LEADER | |
|---|---|
| fixed length control field | 00381nam a22001217a 4500 |
| 003 - CONTROL NUMBER IDENTIFIER | |
| control field | OSt |
| 005 - DATE AND TIME OF LATEST TRANSACTION | |
| control field | 20240320101822.0 |
| 008 - FIXED-LENGTH DATA ELEMENTS--GENERAL INFORMATION | |
| fixed length control field | 240320b |||||||| |||| 00| 0 eng d |
| 040 ## - CATALOGING SOURCE | |
| Transcribing agency | Central Library MRSPTU |
| 100 ## - MAIN ENTRY--PERSONAL NAME | |
| Personal name | Jagjeet Muktsari (ਜਗਜੀਤ ਮੁੁਕਤਸਰੀ) |
| 245 ## - TITLE STATEMENT | |
| Title | Iko Tera Naam Datya (ਇਕੋ ਤੇਰਾ ਨਾਮ ਦਾਤਿਆ) |
| 942 ## - ADDED ENTRY ELEMENTS (KOHA) | |
| Source of classification or shelving scheme | Dewey Decimal Classification |
| Koha item type | Book |
| Suppress in OPAC | No |
| Withdrawn status | Lost status | Source of classification or shelving scheme | Damaged status | Not for loan | Collection | Home library | Current library | Date acquired | Total checkouts | Barcode | Date last seen | Price effective from | Koha item type |
|---|---|---|---|---|---|---|---|---|---|---|---|---|---|
| Dewey Decimal Classification | BK | MRSPTU Central Library | MRSPTU Central Library | 03/20/2024 | G-6 | 03/20/2024 | 03/20/2024 | Book | |||||
| Dewey Decimal Classification | BK | MRSPTU Central Library | MRSPTU Central Library | 03/20/2024 | G-7 | 03/20/2024 | 03/20/2024 | Book | |||||
| Dewey Decimal Classification | BK | MRSPTU Central Library | MRSPTU Central Library | 03/20/2024 | G-8 | 03/20/2024 | 03/20/2024 | Book | |||||
| Dewey Decimal Classification | BK | MRSPTU Central Library | MRSPTU Central Library | 03/20/2024 | G-9 | 03/20/2024 | 03/20/2024 | Book | |||||
| Dewey Decimal Classification | BK | MRSPTU Central Library | MRSPTU Central Library | 03/20/2024 | G-10 | 03/20/2024 | 03/20/2024 | Book |
